007440000a22002410004500003001100000008004100011040003900052041000800091082001500099100002200114245003000136260004200166300000900208650005000217650003300267650001800300650002900318650004200347650002300389650002900412650003500441650002600476LK-CoMWRAF230817t ||||| |||| 00| 0 eng d aLK-CoMWRAFdLK-CoMWRAFeLK-CoMWRAF aeng a152.7bKAM aKamel, Abdul Aziz aIslam and Race Questionb bIslamic Courts & AffairsaQatarc1970 ap.65 aAmong the Prophets, too, there is brotherhood aDegress of rank in the koran aExemplary men aFrom race to brotherhood aIn the Community they are as brothers aIslam and Learning aIslam and Responsibility aMan in his Natural Environment aMankind as one family